000 00350nam a2200133 i 4500
001 bg
100 1 _aPAŃKÓW, Maria
245 0 _aMateriały pomocnicze do ćwiczeń z astronomii z astrofizyką.
_nCz.1 /
_cMaria Pankow.
260 _aKatowice,
_c1978.
040 _cBPK
041 _apol
942 _cKS
008 s pl f |000 0 pol
999 _c18459
_d18459
856 _uhttp://koha.tu.koszalin.pl/cgi-bin/koha/opac-detail.pl?biblionumber=18459
_yKatalog online BPK